[Event "Grand Slam Final 4th"]
[Site "Sao Paulo/Bilbao"]
[Date "2011.10.08"]
[Round "8"]
[White "Nakamura, Hikaru"]
[Black "Aronian, Levon"]
[Result "1-0"]
[WhiteElo "2753"]
[BlackElo "2807"]
[Annotator "Edouard,Romain"]
[PlyCount "157"]
[EventDate "2011.09.26"]
[EventType "tourn"]
[EventRounds "10"]
[EventCountry "BRA"]
[EventCategory "22"]
[SourceTitle "CBM 145"]
[Source "ChessBase"]
[SourceDate "2011.11.11"]
[SourceVersion "1"]
[SourceVersionDate "2011.11.11"]
[SourceQuality "1"]

1. d4 {Krasenkow,Michal} d5 2. c4 e6 3. Nc3 Be7 4. cxd5 exd5 5. Bf4 c6 6. e3 Bf5 7. g4 {The main line, actually!} Be6 8. h4 (8. h3 $5 {is the other option where White's plan is to play d3, c2, ge2, 0-0-0 and so on.}) 8... Nd7 9. h5 Nh6 10. Be2 ({RR} 10. f3 f5 11. Bxh6 gxh6 12. gxf5 Bxf5 13. Bd3 Bh4+ 14. Ke2 Bxd3+ 15. Qxd3 Qe7 16. f4 Rg8 17. Kd2 Rg2+ 18. Nge2 Bf2 19. Rh3 O-O-O) 10... Nb6 ({RR} 10... f5) 11. Nh3 ({RR} 11. Rc1 Nc4 12. b3 Nd6 13. Nh3 g5 14. Be5 Rg8 15. f3 f5 16. Nf2 Ndf7 17. Bh2 Bd6 18. Qd2 fxg4 19. fxg4 Qe7 20. Kd1 O-O-O 21. Kc2 Kb8 22. Rcg1) 11... g5 ({RR} 11... Nc4 12. Bxh6 gxh6 13. Bxc4 dxc4 14. Nf4) ({RR} 11... Bd6 12. Rg1 Qd7 13. f3 O-O-O 14. Qc2 Kb8 15. O-O-O Bxf4 16. Nxf4 Qe7 17. Bd3) 12. hxg6 ({RR} 12. Bg3 Qd7 13. f3 f5 14. Be5 Rg8 15. Nf2 fxg4 16. Nxg4 Nxg4 17. fxg4 Bd6 18. Bxd6 Qxd6 19. b3 Rf8 20. Kd2 Nd7 21. Qg1 O-O-O 22. Qh2 Qa3) 12... hxg6 13. Bg3 $146 (13. f3 Bh4+ {[%cal Gg6g5,Gf7f5] followed by ...g5 and ...f5 was usually played - and very fine for Black.} {RR} 14. Kd2 g5 15. Bh2 f5 16. gxf5 Nxf5 17. Be5 Rh6 18. f4 g4 19. Ng5 Bxg5 20. fxg5 Qxg5) ({RR} 13. Kd2 Nc4+ 14. Bxc4 dxc4 15. f3 g5 16. Bg3 Qb6 17. Kc2 O-O-O 18. Nf2 f6 19. Qe2 Nf7 20. Rad1 Bb4 21. Nfe4 Qa5 22. a3 Be7 23. Rxh8 Rxh8 24. Nd2 Rh3 25. Qg2 Rh8 26. Qe2 Rh3 27. Qg2 Rh8 {Rowson,J (2586)-Bartholomew,J (2427) London 2012 ½-½ (52)}) ({RR} 13. a4 g5 14. Bg3 a5 15. f3 f5 16. Qb3 fxg4 17. fxg4 Nf7 18. O-O-O Bb4 19. Nf2 Rxh1 20. Rxh1 Qe7 21. Nfd1 O-O-O 22. Na2 Nc4 23. Nxb4 axb4 24. Qc2 Na5 25. Kb1 c5 26. Qxc5+ Qxc5 27. dxc5 d4 {LCZero 0.31-dag-c93c6a8-BT4-6 (3652)-Stockfish dev-20250118-8e3e22 (3683) tcec-chess.com INT 2025 ½-½ (45)}) ({RR} 13. Ng1 g5 14. Bg3 Qd7 15. Rc1 Nc4 16. Qb3 Bd6 17. Bxd6 Nxd6 18. Na4 O-O-O 19. Nc5 Qe7 20. Qa4 Kb8 21. Nxe6 Qxe6 22. Qd1 f5 23. gxf5 Nhxf5 24. Rxh8 Rxh8 25. Bf3 Rh2 26. Kf1 g4 27. Bxg4 Ne4 {Hebbar,E (2233)-Atwell,R (2290) New York USA 2026 0-1}) ({RR} 13. Be5 f6 14. Nf4 fxe5 ({RR} 14... Bf7 15. Qc2 fxe5 16. Nxg6) 15. Nxg6 ({RR} 15. Nxe6 Qd6 16. g5 ({RR} 16. Nc5 O-O-O) 16... Qxe6 17. gxh6 e4) 15... Rg8 ({RR} 15... Rh7 16. Nxe5 ({RR} 16. dxe5) 16... Bh4 17. Qd3 Rg7 18. O-O-O Qf6 19. Rdg1 O-O-O 20. f4) 16. Nxe7 Qxe7 17. Rxh6 e4 18. a4 ({RR} 18. Kd2 Nc4+ 19. Bxc4 dxc4 20. Qh1) 18... Nd7 19. Qb3 ({RR} 19. Kd2 Nf6 20. Qh1 Kd7 ({RR} 20... Bxg4 21. Bxg4 Rxg4 22. Qh3) 21. Rg1 Rg5) 19... Nf6 20. Rc1 ({RR} 20. Rxf6 Qxf6 21. Qxb7 Rc8) 20... Bxg4 ({RR} 20... O-O-O 21. a5) ({RR} 20... Nxg4 21. Rxe6 Qxe6 22. Qxb7 Rd8 23. Nd1) 21. Rxf6 Qxf6 22. Qxb7 Rd8 23. Qxa7 Rf8 24. Nd1 Bxe2 25. Kxe2 Qd6 26. Rc5 Rb8 27. Qa5 ({RR} 27. Qh7) 27... Kd7 {Mamedyarov,S (2764)-Nakamura,H (2764) Tashkent 2014 CBM 163 [Krasenkow,Michal] ½-½ (34)} {RR} 28. Qa7+ Qc7) ({RR} 13. Kd2 Nc4+ 14. Bxc4 dxc4 15. f3 g5 16. Bg3 Qb6 17. Kc2 Nf5 18. gxf5 Bxf5+ 19. Ne4 Bxh3) ({RR} 13. f3 Bh4+ 14. Nf2 g5 15. Bh2 Qe7 ({RR} 15... f5) 16. Qc2 f5 17. Be5 Rf8) ({RR} 13. f3 g5 14. Bg3 f5 15. Be5 Rg8 16. Nf2 Nf7 17. Qc2 Qd7 18. O-O-O Nxe5 19. dxe5 Bc5 20. e4 Bxf2 21. gxf5 O-O-O 22. fxe6 Qxe6 23. exd5 Qxe5 24. dxc6 Be3+ 25. Kb1 bxc6 26. Ne4 Rxd1+ 27. Rxd1 Kc7 {Kezin,R (2514)-Vasilyev,E (2095) Khanty-Mansiysk RUS 2022 1-0 (35)}) 13... Qd7 ({Was Naka's novelty pure bluff? It seems that after the brillant} 13... Nxg4 $3 14. Bxg4 Qd7 {Black is actually better!} {RR} 15. f3 f5 16. Be5 Rh7) ({RR} 13... Nxg4 14. Bxg4 Qd7 15. Bxe6 Qxe6 16. Qf3 Rxh3) 14. Nf4 O-O-O 15. Nxe6 Qxe6 16. Rg1 Bd6 17. Qc2 Bxg3 18. Rxg3 f5 19. O-O-O Nxg4 20. Bxg4 fxg4 21. Rdg1 Rh4 22. Qe2 Rf8 23. Nd1 Rf4 24. Kd2 $5 Nc4+ 25. Ke1 {Till there, apart from the 13...xg4 possibility, everything has proceeded normally. Black is doing very well, and got a very pleasant equality, however Aronian's next move was a bit surprising: too soft or too light. I call it surprising, since it goes, in my opinion, against Aronian's superb active style.} Rf3 $6 (25... Rf6 26. Rxg4 Rh2 {and Black is never going to be worse. For example:} 27. e4 {(the only way to try anything)} Qd6 $5 (27... Qe7 28. a3 Re6 29. Ne3 Rxe4 30. Rxe4 Qxe4 31. Nxc4 Qxe2+ 32. Kxe2 dxc4 33. Rxg6 Rh3 $11) 28. a3 Re6 29. Kf1 Qd7 30. Ne3 (30. e5 c5 31. b3 Nd6 $15) 30... Rf6 (30... Nxe3+ 31. Qxe3 dxe4 32. Rxe4 Rxe4 33. Qxe4 Qf7 34. Qg4+ $11) 31. Nd1 {and White probably holds, though he's definitely not trying to win.}) 26. Rxf3 gxf3 27. Qxf3 Qf5 $6 (27... Kd7 $5 28. b3 Nd6 {and Black still has no problem at all.}) 28. Qg3 $1 Rh6 29. b3 Nb6 30. Qg4 $1 {Already White's position is a bit easier to play.} Nd7 31. Qxf5 gxf5 32. Nc3 Nf6 33. Ne2 Ng4 $6 {Too inoffensive again in my opinion. Black should try to take a bit of control of the queenside, and find some stable setup, otherwise White is going to dominate everywhere as in the game.} (33... Rh2 $5 34. Nf4 a5 $1 35. Nd3 Ne4 {and maybe here Black just holds. Some tactics out of White's queenside pawns are a plus for Black's defence.}) 34. Nf4 Rh2 35. Nd3 {The right place for White's knight. Now White's king is going to g3 and f4. Somehow Black's plan is wrong.} Kd8 $6 {Maybe this move is not actually the dubious one, but the mark is for the plan behind the next moves. White went very fast from slightly better to winning.} ({Maybe} 35... a5 36. Ke2 Rh3 {should be a good defence. Of course after} 37. Rg2 {followed by f3, Black has some problems to solve (maybe 37...h1!? to find counterplay), but it is somehow better than letting White's king advance.}) 36. b4 (36. Ke2 $5) 36... Ke7 $6 (36... Kc7 {followed by ...b6 and ...a5 seems to give Black counterplay, though White is still better. I would have preferred 36.e2.}) 37. a4 b6 38. Ke2 Kd6 39. Kf3 a5 40. bxa5 bxa5 41. Kg3 Kc7 42. Rc1 {Now White's position is just crushing.} Rh7 43. Kf4 Re7 44. Rc2 Re4+ 45. Kg5 $18 (45. Kxf5 {was possible but Black can go} Rxe3 46. Ne5 Nxe5 47. fxe3 Nc4 48. Kf4 Nd6 {which should be winning for White, though it also gives Black unnecessary chances to draw.}) 45... Re8 46. Rb2 Rf8 47. Nc5 Kc8 48. Kf4 {The rest is just a matter of technique.} Rh8 49. f3 Nh2 50. Rf2 Rh3 51. Nb3 Kc7 52. Nxa5 Kb6 53. Nb3 Ka6 54. Nc1 Ka5 55. Ne2 Kxa4 56. Ng1 Rh6 57. Kg3 Ng4 58. fxg4 fxg4 59. Rf5 Rh1 60. Kg2 Rh4 61. Ne2 Kb5 62. Nf4 Rh8 63. Kg3 Rg8 64. Re5 Kc4 65. Re6 Kb5 66. Re7 Kb4 67. Nd3+ Kc3 68. Ne5 c5 69. dxc5 d4 70. exd4 Kxd4 71. Nd7 Rd8 72. c6 Rc8 73. Re6 Rc7 74. Rd6+ Kc4 75. Kxg4 Kb5 76. Ne5 Rh7 77. Rd7 Rh8 78. Kf5 Kb6 79. Ke6 1-0

[Event "Morelia/Linares 23rd"]
[Site "Morelia/Linares"]
[Date "2006.03.07"]
[Round "11"]
[White "Aronian, Levon"]
[Black "Vallejo Pons, Francisco"]
[Result "1-0"]
[WhiteElo "2752"]
[BlackElo "2650"]
[Annotator "Dautov,Rustem"]
[PlyCount "71"]
[EventDate "2006.02.18"]
[EventType "tourn"]
[EventRounds "14"]
[EventCountry "ESP"]
[EventCategory "20"]
[SourceTitle "CBM 112"]
[Source "ChessBase"]
[SourceDate "2006.06.07"]
[SourceVersion "1"]
[SourceVersionDate "2006.06.07"]
[SourceQuality "1"]

1. d4 d5 2. c4 e6 3. Nc3 c6 4. e4 dxe4 5. Nxe4 Bb4+ 6. Bd2 Qxd4 7. Bxb4 Qxe4+ 8. Be2 Na6 9. Bd6 e5 10. Nf3 Bg4 11. O-O O-O-O 12. Bd3 {Das entstehende Endspiel gilt als ungefährlich für Schwarz, deswegen versucht Weiß in der jüngsten Zeit einen unmittelbaren Königsangriff 12.b4!?} (12. b4 $5 Nf6 13. Re1 Bxf3 14. Bxf3 Qxc4 15. Rxe5 Nxb4 16. Re7 Nbd5 17. Rc1 $40 {Riazantsev,A (2593)-Galkin,A (2618)/Sochi 2006}) 12... Qf4 13. Bxe5 Qxe5 14. Nxe5 Bxd1 15. Bf5+ (15. Raxd1 Nh6 16. Bc2 g6 17. Nf3 Rhe8 $11 {Grachev,B (2510)-Vitiugov,N (2573)/Cheboksary 2006}) 15... Kc7 16. Nxf7 Bh5 $6 {Es sieht so aus, daß Paco auf diese Variante nicht vorbereitet war. Der Textzug ist kein ernsthafter Fehler, aber die schwarze Verteidigung wird danach auf mehreren einzigen Zügen fußen müssen. Einfacher kann die Stellung mit 16...h6! ausgeglichen gehalten werden.} (16... Ne7 $2 17. Bxh7 $1 Bg4 18. Nxh8 Rxh8 19. Rfe1 Nc8 20. Bc2 Nb4 21. Be4 $16 {Tal,M (2625)-Dorfman,J (2550)/Tbilisi 1978/URS-ch}) (16... Nh6 $1 17. Nxh6 (17. Nxd8 Rxd8 18. Bxh7 Be2 19. Rfc1 Rd2 $15) (17. Nxh8 Nxf5 18. Nf7 Rd7 19. Ne5 Be2 20. Nxd7 Bxf1 $11) 17... Bh5 (17... Be2 18. Rfe1 Rd2 19. Bg4 Re8 $11) 18. Bg4 Bxg4 19. Nxg4 Rd2 20. Rab1 Re8 21. Rfd1 (21. Ne3 Nb4 22. Rfd1 Rxd1+ 23. Rxd1 Nxa2 $11) 21... Rxd1+ 22. Rxd1 Re2 23. Rb1 Nb4 $11 {Bacrot,E (2729)-Tregubov,P (2607)/Corsica 2005}) 17. Nxd8 $1 (17. Nxh8 Nh6 18. Bxh7 Rxh8 19. Be4 Be2 20. Rfc1 Rd8 $132) 17... Kxd8 18. g4 $1 {Aronian nimmt gleich das Feld d7 ins Visier.} Nh6 (18... Bg6 19. Rad1+ Kc7 20. Rd7+ Kb6 21. Bxg6 hxg6 22. Rxg7 $18) 19. Rad1+ Kc7 20. Rd7+ Kb6 21. Rxg7 Nxf5 22. gxf5 Rf8 23. Re1 $146 ({RR} 23. f4 Nb4 24. Re1 Nxa2 25. Ree7 h6 26. Rxb7+ Kc5 27. Rxa7 Nb4 28. b3 Kd4 29. Ra5 c5 30. Kf2 Rxf5 31. Kg3 Kc3 32. Rc7 Nd3 33. Ra6 Rxf4 34. Rg7 Rf1 35. Kh4 Bd1 36. Rxh6 Kxb3 37. Rg3 Kxc4 {Diermair,A (2433)-Postlmayer,J (2384) Aschach AUT 2024 0-1 (48)}) 23... Nc5 $2 {Dieser normal aussehende Zug ist bereits der entscheidende Fehler. Es war allerdings nicht leicht, das folgende geometrische Gewinnmotiv zu finden. Die Balance hielt die Aktivierung aller schwarzen Kräfte mit 23...xf5!} (23... Rxf5 $1 24. Ree7 Bg6 25. Rxb7+ Kc5 26. Rxa7 Nb4 27. b3 Kd4 $1 $44 (27... Rg5+ 28. Kf1 Bd3+ 29. Ke1 Rxg7 30. Rxg7 Nxa2 31. Kd2 Bg6 32. h4 $14)) 24. b4 $1 Nd3 25. Ree7 $18 Nxb4 26. Rxb7+ Kc5 27. Rg5 $1 Bf3 28. f6+ Kxc4 29. Rf5 $1 {Wahrscheinlich hat Paco diesen Zug übersehen. Schwarz verliert eine Figur.} Bd5 30. Rf4+ Kc3 31. Rbxb4 Bxa2 32. Ra4 Bf7 33. Rxa7 c5 34. f3 c4 35. Kf2 Kb3 36. Rb7+ 1-0

[Event "RUS-ch 68th"]
[Site "Chita"]
[Date "2015.08.10"]
[Round "2"]
[White "Vitiugov, Nikita"]
[Black "Bukavshin, Ivan"]
[Result "1-0"]
[WhiteElo "2719"]
[BlackElo "2655"]
[Annotator "Sagar,Shah"]
[PlyCount "55"]
[EventDate "2015.08.09"]
[EventType "tourn"]
[EventRounds "11"]
[EventCountry "RUS"]
[EventCategory "18"]
[SourceTitle "CBM 168"]
[Source "ChessBase"]
[SourceDate "2015.09.14"]
[SourceVersion "1"]
[SourceVersionDate "2015.09.14"]
[SourceQuality "1"]

1. d4 d5 2. c4 e6 3. Nc3 c6 {The triangle system is gaining in quite some popularity these days.} 4. e3 {Vitiugov avoids the complicated Marshall Gambit and Noteboom Variations and instead goes for the quiet variation with e3. Is it an invitation to enter the Meran?} Nf6 {Bukavshin doesn't mind the Meran.} (4... f5 {is another interesting move going into the stonewall.}) 5. b3 $5 {Though pretty logical, this is the sixth most popular move in the position. Vitiugov has a strange strategy of delaying Nf3 for quite some time in this game.} Bd6 (5... Bb4 6. Bb2 Ne4 7. Qc2 Qa5 8. Nge2 $14) 6. Bb2 O-O 7. Bd3 $5 {Vitiugov continues his strategy of delaying the development of his knight with Nf3. Black makes a logical move of breaking in the center with e5.} (7. Nf3 Nbd7 8. Bd3 {Takes us into one of the important positions of the Anti-Meran.}) 7... e5 $1 8. dxe5 (8. cxd5 $6 exd4 $1 9. exd4 Nxd5 $17) 8... Bxe5 9. Nf3 {If Black has to retreat or give up his bishop on c3 then White would be better. But Black has a developing move at his disposal which maintains the balance.} Bg4 (9... dxc4 10. Bxc4 Qxd1+ 11. Rxd1 $14) 10. Qc2 Bxf3 11. gxf3 d4 $146 {This is a very natural move trying to take advantage of the white king still being in the centre of the board. But it is inaccurate. Better would have been} (11... Na6 $142 12. a3 (12. f4 $2 Nb4 $17) 12... Qe7 $132) ({RR} 11... Na6 12. a3 Nc5 13. O-O-O Qb6 14. f4 Nxb3+ 15. Kb1 Bxc3 16. Qxc3 d4 17. exd4 c5 18. dxc5 Nxc5 19. Rhg1 Kh8 20. Rxg7 Kxg7 21. Rg1+ Kh6 22. Be2 Qe6 23. Qg3 Qf5+ 24. Ka2 Rg8 25. Qh4+ Nh5 26. Bxh5 {Sevian,S (2684)-Yoo,C (2567) Chess.com INT 2022 1-0}) ({RR} 11... Na6 12. a3 Nc5 13. O-O-O Qb6 14. f4 Nxb3+ 15. Kb1 Bxc3 16. Qxc3 d4 17. exd4 c5 18. dxc5 Nxc5 19. Rhg1 Kh8 20. Rxg7 Kxg7 21. Rg1+ Kh6 22. Be2 Qe6 23. Qg3 Qf5+ 24. Ka2 Rg8 25. Qh4+ Nh5 26. Bxh5 {Sevian,S (2684)-Yoo,C (2567) Chess.com INT 2022 1-0}) 12. Ne2 $1 Qa5+ {Bukavshin had definitely prepared this move which defends the e5 bishop and threatens dxe3 on the next move but maybe he underestimated Vitiugov's reply.} (12... c5 {might have limited the damage.} 13. f4 Bd6 14. exd4 cxd4 15. O-O-O $36) 13. b4 $1 (13. Kf1 dxe3 14. b4 Qc7 $17) (13. Qd2 $2 Qxd2+ 14. Kxd2 dxe3+ $17) 13... Qxb4+ 14. Kf1 c5 15. f4 (15. Rb1 $5 Qa5 16. exd4 cxd4 17. f4 Bd6 18. Bxd4 Nbd7 19. Rxb7 $16) 15... Bd6 16. exd4 (16. e4 {looks strong as the threat is e5 but you have to take into account that the bishop on b2 is completely shut in.} Nc6 $1 17. e5 Bxe5 18. fxe5 Nxe5 $15 {Black has an excellent position.}) 16... Nbd7 (16... cxd4 17. Bxd4 Nbd7 18. Rb1 $16) 17. Rg1 (17. d5 $14 {looked extremely logical, creating a passed pawn and also opening up the bishop, but Vitiugov keeps the tension in the position.}) 17... g6 18. Rb1 {The interesting part about this position is that all of White's forces are scattered in conventional terms while Black has excellent co-ordination. Yet, it is White who has a clear advantage as his pieces are functioning much better than Black's army.} Qa5 19. f5 {A sacrifice on g6 is imminent now and that explains Bukavshin's next move.} g5 {This is as good as resignation now.} (19... Qc7 20. fxg6 fxg6 21. Bxg6 Kh8 $16 {gives Black better chances of defence yet he should lose in the long run.}) 20. Qc1 $1 Kh8 (20... h6 21. h4 $1 $18) 21. dxc5 {opening up the bishop and threatening Qxg5.} (21. Qxg5 Rg8 {is not very convincing from White's point of view.}) 21... Be7 (21... Qxc5 22. Qxg5 Rg8 23. Bxf6+ $18) 22. Bd4 $1 {Defending the c5 pawn and threatening the one on b7.} Qc7 23. Be4 $1 {The knight on f6 is pinned, so the bishop improves itself and attacks the b7 pawn.} Rab8 24. Nc3 (24. Rxb7 $3 {is an excellent tactical shot which can be found only if you are immensely alert. Qxg5 is always met with Rg8. However, if the rook on b8 is deflected then Rg8 would not be possible and hence's this was the fastest way to win.} Rxb7 25. Qxg5 $1 $18) 24... h6 (24... Qxh2 25. Rh1 (25. Nd5 Bxc5 {reduces White's advantage.}) 25... Qf4 26. Qxf4 gxf4 27. Nd5 $18) 25. Nd5 Qd8 26. h4 Bxc5 27. hxg5 Bxd4 28. gxf6 {The queen will land on h6 and end the game. A very original and powerful game by Nikita Vitiugov.} 1-0

[Event "Novosibirsk"]
[Site "Novosibirsk"]
[Date "1993.??.??"]
[Round "1"]
[White "Vyzmanavin, Alexey"]
[Black "Serper, Grigory"]
[Result "1-0"]
[WhiteElo "2620"]
[BlackElo "2600"]
[Annotator "Belov,Igor"]
[PlyCount "87"]
[EventDate "1993.06.??"]
[EventType "tourn"]
[EventRounds "11"]
[EventCountry "RUS"]
[EventCategory "14"]
[SourceTitle "CBM 036"]
[Source "ChessBase"]
[SourceDate "1993.10.01"]
[SourceVersion "1"]
[SourceVersionDate "1993.10.01"]
[SourceQuality "1"]

1. d4 d5 2. c4 e6 3. Nc3 Bb4 4. e3 (4. cxd5 exd5 5. Bf4 Nf6 6. e3 c5 7. Bd3 Nc6 8. Nge2 cxd4 9. exd4 Bg4 10. f3 Be6 11. O-O O-O 12. a3 Be7 13. b4 $14 {Hertneck,G-Lautier,J Munchen 1993/}) (4. a3 Bxc3+ 5. bxc3 c5 $146 (5... Ne7 6. e3 (6. e4 dxe4 7. Qg4 O-O 8. Qxe4 c5 9. Nf3 Nbc6 10. Be2 Ng6 11. a4 e5 $10 {Shirov,A-Piket,J Dortmund 1992/}) 6... O-O 7. Nf3 (7. Bd3 c5 8. Ne2 Nbc6 9. O-O dxc4 10. Bxc4 e5 11. Bb2 Na5 12. Bd3 Be6 $1 $10 {Georgiev,Kir-Velikov,P Plovdiv 1984 Inf 37/440/}) 7... c5 (7... b6 8. Bd3 h6 9. O-O Ba6 10. cxd5 exd5 11. Bxa6 Nxa6 12. Qd3 Qc8 13. c4 $14 {Sokolov,I-Georgadze,G Debrecen 1992 Inf 56/440/}) 8. Bd2 b6 $1 9. Bd3 Nbc6 10. O-O Ba6 $10 {Dreev,A-Maksimenko,A Berlin 1991 Inf 53/382/}) 6. Nf3 Nf6 7. Bg5 Nbd7 8. cxd5 exd5 9. Nd2 O-O 10. a4 Re8 11. a5 b5 $10 {Huebner,R-Lautier,J Munchen 1993/}) 4... c5 (4... Ne7 5. Bd2 $6 c5 6. a3 Bxc3 7. Bxc3 cxd4 8. Qxd4 f6 $15 {Psakhis,L-Kupreichik,V SSSR 1984 Inf 36/439/}) 5. cxd5 exd5 6. a3 $5 $146 (6. Bb5+ Nc6 7. Nge2 Nge7 8. O-O O-O 9. dxc5 Bxc5 10. b3 Bg4 $1 11. h3 Bh5 12. Bb2 Rc8 $10 {Psakhis,L-Korzubov,P SSSR 1983 Inf 36/465/}) (6. dxc5 Nf6 7. Qd4 Nc6 8. Bb5 Qa5 $10) 6... Bxc3+ 7. bxc3 Nc6 (7... Nd7 8. Bd3 Ngf6 9. Ne2 O-O 10. O-O $14) 8. Bd3 Nge7 9. Ne2 c4 (9... b6 $5) 10. Bc2 Bf5 11. O-O O-O $146 ({RR} 11... b5 12. Ng3 Bxc2 13. Qxc2 O-O 14. f3 a5 15. Bd2 Qd6 16. e4 b4 17. f4 b3 18. Qd1 dxe4 19. f5 e3 20. Bxe3 Nd5 21. Bd2 Rfe8 22. Qg4 Nf6 23. Qh4 Ne7 24. Bf4 Qb6 25. Be5 Ned5 26. Rae1 {Lo Gatto,R (2055)-Motola,J (2242) Parma ITA 2024 0-1 (32)}) ({RR} 11... b5 12. Ng3 Bxc2 13. Qxc2 O-O 14. f3 a5 15. Bd2 Qd6 16. e4 b4 17. f4 b3 18. Qd1 dxe4 19. f5 e3 20. Bxe3 Nd5 21. Bd2 Rfe8 22. Qg4 Nf6 23. Qh4 Ne7 24. Bf4 Qb6 25. Be5 Ned5 26. Rae1 {Lo Gatto,R (2055)-Motola,J (2242) Parma ITA 2024 0-1 (32)}) 12. a4 Qd7 13. Ba3 $14 Rfe8 14. Ng3 Bxc2 15. Qxc2 Na5 16. Rae1 Nb3 $6 (16... b6 $5 17. f3 Rad8 18. e4 Nb3 $14) 17. e4 dxe4 (17... b6 18. e5 Qxa4 19. Bxe7 Rxe7 20. f4 $16) 18. Nxe4 Nd5 19. Nd6 Rxe1 $8 20. Rxe1 Qxa4 21. Qe4 $1 $16 Qc6 (21... Nxc3 22. Qe7 Rf8 23. Nxf7 $1 $18) 22. Qe5 Nf6 23. Qe7 Qd7 (23... Rf8 24. Qxf8+ $1 Kxf8 25. Nf5+ Kg8 26. Ne7+ $18) 24. Qxd7 Nxd7 25. Re7 Nb6 26. Rxb7 Nd2 27. Nb5 Nd5 28. Rd7 Nf4 29. g3 Nf3+ 30. Kh1 Nd3 31. Rxa7 Rxa7 32. Nxa7 g5 $6 (32... f6 $5 33. Nc6 Kf7 $16) 33. Kg2 g4 (33... Nd2 $5 34. Nc6 f6) 34. Nc6 Nd2 35. d5 $18 Ne1+ 36. Kh1 Ne4 37. d6 Nf6 38. Ne5 Nd3 39. d7 Nxf2+ 40. Kg2 Nxd7 41. Nxd7 Ne4 42. Bb4 h5 43. Ne5 Nd2 44. Kf2 1-0